00557 2200205 4500001002100000005001700021008004100038020001800079035002500097082001100122090001900133245004000152250001600192260004400208300001800252500002700270650002400297850001200321990001800333YOGYA-0209000002665620150422145206.0 ind  a979-8006-27-5 a0010-020900000026656 a027.53 aRQ 027.53bPan aPANDUAN koleksi perpustakaan khusus aEd.1, cet.1 aJakartabPerpustakaan Nasional RIc1992 a17 hlmc29 cm aBiobliografi : hlm. 17 aPerpustakaan khusus aYOPDYOG a22047-PD/A.06